Human resource management / (Record no. 496)

MARC details
000 -LEADER
fixed length control field 00639nam a2200217 4500
003 - CONTROL NUMBER IDENTIFIER
control field OSt
005 - DATE AND TIME OF LATEST TRANSACTION
control field 20240611005140.0
008 - FIXED-LENGTH DATA ELEMENTS--GENERAL INFORMATION
fixed length control field 240611b |||||||| |||| 00| 0 eng d
020 ## - INTERNATIONAL STANDARD BOOK NUMBER
International Standard Book Number 9781121536234
040 ## - CATALOGING SOURCE
Original cataloging agency DWCL-Main lib.
Transcribing agency OC
082 ## - DEWEY DECIMAL CLASSIFICATION NUMBER
Edition number fourth global edition
Classification number Circ. 658.31 H918r 2012
006 - FIXED-LENGTH DATA ELEMENTS--ADDITIONAL MATERIAL CHARACTERISTICS
fixed length control field a
100 ## - MAIN ENTRY--PERSONAL NAME
Personal name Noe, Raymond A.
245 ## - TITLE STATEMENT
Title Human resource management /
250 ## - EDITION STATEMENT
Edition statement fourth global edition
260 ## - PUBLICATION, DISTRIBUTION, ETC.
Place of publication, distribution, etc. S.l. :
Name of publisher, distributor, etc. McGraw-Hill Co.,
Date of publication, distribution, etc. c2012.
300 ## - PHYSICAL DESCRIPTION
Extent iii,
Other physical details 358 p. : ill. ;
Dimensions 26 cm.
650 ## - SUBJECT ADDED ENTRY--TOPICAL TERM
Topical term or geographic name entry element 1. Personnel management.
700 ## - ADDED ENTRY--PERSONAL NAME
Personal name Raymond A. Noe
942 ## - ADDED ENTRY ELEMENTS (KOHA)
Source of classification or shelving scheme Dewey Decimal Classification
Suppress in OPAC No
Koha item type Book Circulation
Edition fourth global edition
Call number prefix Circ.
Holdings
Withdrawn status Lost status Source of classification or shelving scheme Damaged status Not for loan Home library Current library Date acquired Source of acquisition Total Checkouts Full call number Barcode Date last seen Copy number Price effective from Koha item type Uniform Resource Identifier
    Dewey Decimal Classification     College Library College Library 06/18/2013 School Fund   Circ. 658.31 H918r 2012 50133 06/11/2024 c1 06/11/2024 Book Circulation